00398pab a2200133 454500008004000000100002400040245010700064260000900171300001300180362001100193650001500204650002100219773002400240180718b1998 xxu||||| |||| 00| 0 eng d aFleishman, Edwin A. aPatterns of leadership behavior related to employee grievances and turnover: some post hoc reflections c1998 ap.825-34 aWinter aLeadership aLabour relations aPersonnel Pschology